<?xml version="1.0" encoding="UTF-8"?>
<record
    xmlns:xsi="http://www.w3.org/2001/XMLSchema-instance"
    xsi:schemaLocation="http://www.loc.gov/MARC21/slim http://www.loc.gov/standards/marcxml/schema/MARC21slim.xsd"
    xmlns="http://www.loc.gov/MARC21/slim">

  <leader>00492nam a2200181   4500</leader>
  <controlfield tag="003">SEACOMMC</controlfield>
  <controlfield tag="005">20250506114612.0</controlfield>
  <controlfield tag="008">250226b        |||||||| |||| 00| 0 eng d</controlfield>
  <datafield tag="020" ind1=" " ind2=" ">
    <subfield code="a">978-81-7722-471-9</subfield>
    <subfield code="c">Rs.379.00</subfield>
  </datafield>
  <datafield tag="040" ind1=" " ind2=" ">
    <subfield code="a">SEACOMMC</subfield>
  </datafield>
  <datafield tag="082" ind1=" " ind2=" ">
    <subfield code="a">005.7585</subfield>
    <subfield code="b">D 456</subfield>
  </datafield>
  <datafield tag="100" ind1=" " ind2=" ">
    <subfield code="a">Deshpande, P. S</subfield>
  </datafield>
  <datafield tag="245" ind1="1" ind2=" ">
    <subfield code="a">SQL/PLSQL for Oracle 9i /</subfield>
    <subfield code="c">P. S. Deshpande</subfield>
  </datafield>
  <datafield tag="250" ind1=" " ind2=" ">
    <subfield code="a">Reprint ed.</subfield>
  </datafield>
  <datafield tag="260" ind1=" " ind2=" ">
    <subfield code="a"> New Delhi </subfield>
    <subfield code="b"> Dreamtech</subfield>
    <subfield code="c"> 2008</subfield>
  </datafield>
  <datafield tag="650" ind1=" " ind2=" ">
    <subfield code="a"> Computer Programming Language</subfield>
  </datafield>
  <datafield tag="942" ind1=" " ind2=" ">
    <subfield code="c">BOOK</subfield>
  </datafield>
  <datafield tag="952" ind1=" " ind2=" ">
    <subfield code="0">0</subfield>
    <subfield code="1">0</subfield>
    <subfield code="2">ddc</subfield>
    <subfield code="4">0</subfield>
    <subfield code="7">0</subfield>
    <subfield code="a">SEACOMMC</subfield>
    <subfield code="b">SEACOMMC</subfield>
    <subfield code="c">REF</subfield>
    <subfield code="d">2009-03-06</subfield>
    <subfield code="l">0</subfield>
    <subfield code="o">005.7585 D 456</subfield>
    <subfield code="p">M-2351</subfield>
    <subfield code="r">2025-02-26 14:12:39</subfield>
    <subfield code="w">2025-02-26</subfield>
    <subfield code="y">REF</subfield>
  </datafield>
  <datafield tag="952" ind1=" " ind2=" ">
    <subfield code="0">0</subfield>
    <subfield code="1">0</subfield>
    <subfield code="2">ddc</subfield>
    <subfield code="4">0</subfield>
    <subfield code="7">0</subfield>
    <subfield code="a">SEACOMMC</subfield>
    <subfield code="b">SEACOMMC</subfield>
    <subfield code="d">2009-03-06</subfield>
    <subfield code="l">0</subfield>
    <subfield code="o">005.7585 D 456</subfield>
    <subfield code="p">M-2352</subfield>
    <subfield code="r">2025-02-26 14:13:14</subfield>
    <subfield code="t">1</subfield>
    <subfield code="w">2025-02-26</subfield>
    <subfield code="y">BOOK</subfield>
  </datafield>
  <datafield tag="952" ind1=" " ind2=" ">
    <subfield code="0">0</subfield>
    <subfield code="1">0</subfield>
    <subfield code="2">ddc</subfield>
    <subfield code="4">0</subfield>
    <subfield code="7">0</subfield>
    <subfield code="a">SEACOMMC</subfield>
    <subfield code="b">SEACOMMC</subfield>
    <subfield code="d">2009-03-06</subfield>
    <subfield code="l">0</subfield>
    <subfield code="o">005.7585 D 456</subfield>
    <subfield code="p">M-2353</subfield>
    <subfield code="r">2025-02-26 14:13:14</subfield>
    <subfield code="t">2</subfield>
    <subfield code="w">2025-02-26</subfield>
    <subfield code="y">BOOK</subfield>
  </datafield>
  <datafield tag="952" ind1=" " ind2=" ">
    <subfield code="0">0</subfield>
    <subfield code="1">0</subfield>
    <subfield code="2">ddc</subfield>
    <subfield code="4">0</subfield>
    <subfield code="7">0</subfield>
    <subfield code="a">SEACOMMC</subfield>
    <subfield code="b">SEACOMMC</subfield>
    <subfield code="d">2009-03-06</subfield>
    <subfield code="l">0</subfield>
    <subfield code="o">005.7585 D 456</subfield>
    <subfield code="p">M-2354</subfield>
    <subfield code="r">2025-02-26 14:13:14</subfield>
    <subfield code="t">3</subfield>
    <subfield code="w">2025-02-26</subfield>
    <subfield code="y">BOOK</subfield>
  </datafield>
  <datafield tag="952" ind1=" " ind2=" ">
    <subfield code="0">0</subfield>
    <subfield code="1">0</subfield>
    <subfield code="2">ddc</subfield>
    <subfield code="4">0</subfield>
    <subfield code="7">0</subfield>
    <subfield code="a">SEACOMMC</subfield>
    <subfield code="b">SEACOMMC</subfield>
    <subfield code="d">2009-03-06</subfield>
    <subfield code="l">0</subfield>
    <subfield code="o">005.7585 D 456</subfield>
    <subfield code="p">M-2355</subfield>
    <subfield code="r">2025-02-26 14:13:14</subfield>
    <subfield code="t">4</subfield>
    <subfield code="w">2025-02-26</subfield>
    <subfield code="y">BOOK</subfield>
  </datafield>
  <datafield tag="952" ind1=" " ind2=" ">
    <subfield code="0">0</subfield>
    <subfield code="1">0</subfield>
    <subfield code="2">ddc</subfield>
    <subfield code="4">0</subfield>
    <subfield code="7">0</subfield>
    <subfield code="a">SEACOMMC</subfield>
    <subfield code="b">SEACOMMC</subfield>
    <subfield code="d">2009-03-06</subfield>
    <subfield code="l">0</subfield>
    <subfield code="o">005.7585 D 456</subfield>
    <subfield code="p">M-2356</subfield>
    <subfield code="r">2025-02-26 14:13:14</subfield>
    <subfield code="t">5</subfield>
    <subfield code="w">2025-02-26</subfield>
    <subfield code="y">BOOK</subfield>
  </datafield>
  <datafield tag="952" ind1=" " ind2=" ">
    <subfield code="0">0</subfield>
    <subfield code="1">0</subfield>
    <subfield code="2">ddc</subfield>
    <subfield code="4">0</subfield>
    <subfield code="7">0</subfield>
    <subfield code="a">SEACOMMC</subfield>
    <subfield code="b">SEACOMMC</subfield>
    <subfield code="d">2009-03-06</subfield>
    <subfield code="l">0</subfield>
    <subfield code="o">005.7585 D 456</subfield>
    <subfield code="p">M-2357</subfield>
    <subfield code="r">2025-02-26 14:13:14</subfield>
    <subfield code="t">6</subfield>
    <subfield code="w">2025-02-26</subfield>
    <subfield code="y">BOOK</subfield>
  </datafield>
  <datafield tag="952" ind1=" " ind2=" ">
    <subfield code="0">0</subfield>
    <subfield code="1">0</subfield>
    <subfield code="2">ddc</subfield>
    <subfield code="4">0</subfield>
    <subfield code="7">0</subfield>
    <subfield code="a">SEACOMMC</subfield>
    <subfield code="b">SEACOMMC</subfield>
    <subfield code="d">2009-03-06</subfield>
    <subfield code="l">0</subfield>
    <subfield code="o">005.7585 D 456</subfield>
    <subfield code="p">M-2358</subfield>
    <subfield code="r">2025-02-26 14:13:14</subfield>
    <subfield code="t">7</subfield>
    <subfield code="w">2025-02-26</subfield>
    <subfield code="y">BOOK</subfield>
  </datafield>
  <datafield tag="952" ind1=" " ind2=" ">
    <subfield code="0">0</subfield>
    <subfield code="1">0</subfield>
    <subfield code="2">ddc</subfield>
    <subfield code="4">0</subfield>
    <subfield code="7">0</subfield>
    <subfield code="a">SEACOMMC</subfield>
    <subfield code="b">SEACOMMC</subfield>
    <subfield code="d">2009-03-06</subfield>
    <subfield code="l">0</subfield>
    <subfield code="o">005.7585 D 456</subfield>
    <subfield code="p">M-2359</subfield>
    <subfield code="r">2025-02-26 14:13:14</subfield>
    <subfield code="t">8</subfield>
    <subfield code="w">2025-02-26</subfield>
    <subfield code="y">BOOK</subfield>
  </datafield>
  <datafield tag="952" ind1=" " ind2=" ">
    <subfield code="0">0</subfield>
    <subfield code="1">0</subfield>
    <subfield code="2">ddc</subfield>
    <subfield code="4">0</subfield>
    <subfield code="7">0</subfield>
    <subfield code="a">SEACOMMC</subfield>
    <subfield code="b">SEACOMMC</subfield>
    <subfield code="d">2009-03-06</subfield>
    <subfield code="l">0</subfield>
    <subfield code="o">005.7585 D 456</subfield>
    <subfield code="p">M-2360</subfield>
    <subfield code="r">2025-02-26 14:13:14</subfield>
    <subfield code="t">9</subfield>
    <subfield code="w">2025-02-26</subfield>
    <subfield code="y">BOOK</subfield>
  </datafield>
  <datafield tag="999" ind1=" " ind2=" ">
    <subfield code="c">1109</subfield>
    <subfield code="d">1109</subfield>
  </datafield>
</record>
